000 01044nam a2200289 i 4500
001 15784
003 DO-SdUEMH
005 20260203155831.0
007 ta
008 211105s2010||||dr a|||gr|||| 0|| | spa d
040 _aDO-SdUEMH
_bspa
_erda
041 _aspa
082 1 4 _aRD 362.6 T172M
_mRD
_bL937
084 _b14-00087
100 1 _eautr
110 _aConsejo Nacional de la Persona Envejeciente
245 0 _aEl Maltrato Hacia las Personas Mayores en la República Dominicana /
_cMargot Tapia Luciano
260 _c2010
264 1 _aSanto Domingo, República Dominicana :
_bJJB,
_c2010
300 _a88 páginas :
_bilustraciones ;
_c27 cm.
336 _2rdacontent
_atexto
_btxt
337 _2rdamedia
_asin mediación
_bn
338 _2rdacarrier
_avolumen
_bnc
505 2 _aCapítulo 1: Marco conceptual -- Capítulo 2: Diseño metodológico -- Capítulo 3: Características de las personas mayores -- Capítulo 4: Trabajo con grupos focales -- Capítulo 5: Consulta a las organizaciones.
942 _2ddc
_cBK
_n0
999 _c15784
_d15784